[Event "RSA-ch U10 Girls"]
[Site "Waterkloof"]
[Date "2015.04.08"]
[Round "8"]
[White "Van Niekerk, Natasha Isabel"]
[Black "James, Amira"]
[Result "1-0"]
[WhiteElo "1053"]
[BlackElo "813"]
[PlyCount "67"]
[EventDate "2015.04.04"]
[EventType "swiss"]
[EventRounds "9"]
[EventCountry "RSA"]
[SourceTitle "CBM 166 Extra"]
[Source "ChessBase"]
[SourceDate "2015.06.18"]
[SourceVersion "1"]
[SourceVersionDate "2015.06.18"]
[SourceQuality "1"]

1. d4 d5 2. c4 e6 3. Nc3 Nf6 4. Nf3 dxc4 5. e4 Nc6 6. Bxc4 Bd7 7. Bg5 h6 8. Bh4 Bd6 9. e5 g5 10. Bg3 Bb4 11. exf6 Bxc3+ 12. bxc3 Qxf6 13. 0-0 Na5 14. Be5 Qg6 15. Bd3 Qg8 16. Bxh8 Qxh8 17. Ne5 Rd8 18. Qh5 Qf8 19. Rfe1 Nc6 20. Nxd7 Rxd7 21. Bb5 a6 22. Bxc6 bxc6 23. Rab1 Ke7 24. Qf3 Rd6 25. Rb7 Kd7 26. Ra7 a5 27. Rxa5 f5 28. Qe3 Qb8 29. c4 c5 30. dxc5 Rc6 31. Qd4+ Ke7 32. Qg7+ Ke8 33. Qg8+ Kd7 34. Qxb8 1-0

[Event "RSA-ch U10 Girls"]
[Site "Waterkloof"]
[Date "2015.04.07"]
[Round "6"]
[White "Millard, Charlotte"]
[Black "James, Amira"]
[Result "1/2-1/2"]
[WhiteElo "969"]
[BlackElo "813"]
[PlyCount "129"]
[EventDate "2015.04.04"]
[EventType "swiss"]
[EventRounds "9"]
[EventCountry "RSA"]
[SourceTitle "CBM 166 Extra"]
[Source "ChessBase"]
[SourceDate "2015.06.18"]
[SourceVersion "1"]
[SourceVersionDate "2015.06.18"]
[SourceQuality "1"]

1. e4 e6 2. d4 Nh6 3. Nc3 d5 4. exd5 exd5 5. Qe2+ Be6 6. Nf3 Nc6 7. Be3 f6 8. Bxh6 gxh6 9. 0-0-0 Qd7 10. g3 h5 11. Bh3 Bh6+ 12. Kb1 Nd8 13. Rhe1 Kf7 14. Bxe6+ Nxe6 15. Nh4 Bg5 16. Qxh5+ Ke7 17. Nf5+ Kf8 18. Nh6 Rg8 19. Nxg8 Kxg8 20. Qg4 Kf7 21. Qh5+ Kg8 22. h4 Ng7 23. Qf3 Bh6 24. Qxf6 Nf5 25. Qe5 Re8 26. Qxd5+ Qxd5 27. Nxd5 Rd8 28. Nf6+ Kg7 29. Nh5+ Kg6 30. Nf4+ Bxf4 31. gxf4 Nxd4 32. Rg1+ Kf5 33. c3 Ne6 34. Rxd8 Nxd8 35. Rg8 Ne6 36. h5 Nxf4 37. h6 Ng6 38. Rg7 Kg5 39. Rxh7 Nf8 40. Rxc7 Kxh6 41. Rxb7 a5 42. c4 Ng6 43. c5 Ne5 44. Rb6+ Kg5 45. Rb5 Nc6 46. a3 Kf5 47. b4 axb4 48. axb4 Ke5 49. Rb6 Kd5 50. Rxc6 Kxc6 51. f4 Kd7 52. Kc2 Kc6 53. f5 Kb5 54. f6 Kxb4 55. f7 Kxc5 56. f8Q+ Kd4 57. Qf4+ Kc5 58. Qd2 Kc6 59. Kb3 Kc5 60. Kc3 Kc6 61. Qd4 Kc7 62. Kc4 Kc8 63. Kc5 Kb8 64. Qd6+ Kc8 65. Kb6 1/2-1/2

[Event "RSA-ch U10 Girls"]
[Site "Waterkloof"]
[Date "2015.04.04"]
[Round "1"]
[White "James, Amira"]
[Black "Johannes, Gaby"]
[Result "0-1"]
[WhiteElo "813"]
[BlackElo "1012"]
[PlyCount "74"]
[EventDate "2015.04.04"]
[EventType "swiss"]
[EventRounds "9"]
[EventCountry "RSA"]
[SourceTitle "CBM 166 Extra"]
[Source "ChessBase"]
[SourceDate "2015.06.18"]
[SourceVersion "1"]
[SourceVersionDate "2015.06.18"]
[SourceQuality "1"]

1. d4 d5 2. Bf4 Bf5 3. Nc3 a6 4. g3 Nf6 5. Nf3 g6 6. e3 Bg7 7. Bd3 Bxd3 8. Qxd3 0-0 9. Be5 Nbd7 10. Na4 b6 11. Qc3 Rc8 12. Qd3 Rb8 13. Ng5 h6 14. Nf3 e6 15. Nc3 c5 16. e4 c4 17. Qe2 b5 18. b4 Kh7 19. exd5 exd5 20. Qd2 Qe7 21. h3 Qxb4 22. Rb1 Qe7 23. Rb2 Ne4 24. Nxe4 dxe4 25. Bxg7 Kxg7 26. Nh4 Rfc8 27. Rb4 c3 28. Qe3 Qxb4 29. Qc1 Qxd4 30. f4 e3 31. f5 Re8 32. Ke2 Qc4+ 33. Kd1 e2+ 34. Ke1 Qe4 35. Rh2 g5 36. f6+ Nxf6 37. Rxe2 Qxe2# 0-1